Normal view MARC view

Entry Personal Name

Number of records used in: 1

001 - CONTROL NUMBER

  • control field: 3848

003 - CONTROL NUMBER IDENTIFIER

  • control field: OSt

005 - DATE AND TIME OF LATEST TRANSACTION

  • control field: 20150415130404.0

008 - FIXED-LENGTH DATA ELEMENTS

  • fixed length control field: 150415|| aca||aabn | a|a d

040 ## - CATALOGING SOURCE

  • Original cataloging agency: OSt
  • Transcribing agency: OSt

100 ## - HEADING--PERSONAL NAME

  • Personal name: Weber, Edward,
  • Titles and other words associated with a name: D.O.

670 ## - SOURCE DATA FOUND

  • Source citation: Work cat.: (OSt)1459: Weber, Edward, D.O., Netter's concise radiologic anatomy /, c2009.